Biggest Cities in North Macedonia - Statistics

General Stats
  • This quiz has been taken 72 times
  • The average score is 10 of 15
Answer Stats
Population City % Correct
526,502 Skopje
100%
38,818 Ohrid
88%
63,176 Tetovo
82%
69,287 Bitola
80%
75,051 Kumanovo
78%
63,308 Prilep
78%
42,000 Štip
65%
32,814 Gostivar
63%
33,825 Strumica
63%
40,664 Veles
57%
15,009 Struga
47%
23,428 Kičevo
43%
32,038 Kavadarci
41%
15,156 Gevgelija
39%
24,632 Kočani
33%
No matching quizzes found
Score Distribution
Percent of People with Each Score
Percentile by Number Answered
Your Score History
You have not taken this quiz